Soils of India. (Record no. 22676)

MARC details
000 -LEADER
fixed length control field 00281nam a2200121Ia 4500
082 ## - DEWEY DECIMAL CLASSIFICATION NUMBER
Classification number 631.4(540)
Item number ALE
245 #0 - TITLE STATEMENT
Title Soils of India.
260 ## - PUBLICATION, DISTRIBUTION, ETC. (IMPRINT)
Place of publication New Delhi
Name of publisher FAI
Year of publication 1972
650 ## - SUBJECT ADDED ENTRY--TOPICAL TERM
Topical Term Soils
700 ## - ADDED ENTRY--PERSONAL NAME
Personal name ALEXANDER, T M
942 ## - ADDED ENTRY ELEMENTS (KOHA)
Koha item type Books
Holdings
Withdrawn status Lost status Damaged status Not for loan Home library Current library Date acquired Full call number Accession Number Koha item type
        RRII Library RRII Library 16/12/2021 631.4(540) ALE 03396 Books